000 00593cam a2200193 4500500
005 20260405003837.0
041 _afre
042 _adc
100 1 0 _aDuru, Martin
_eauthor
245 0 0 _a"Devenir animal" de David Abram : l’écologie par la sensation
260 _c2024.
500 _a38
690 _aAnimal
690 _aAnimisme
690 _aDavid Abram
690 _aÉcologie
786 0 _nPhilosophie magazine | 179 | 5 | 2024-05-01 | p. 66-66 | 1951-1787
856 4 1 _uhttps://shs.cairn.info/magazine-philosophie-magazine-2024-5-page-66?lang=fr&redirect-ssocas=7080
999 _c2071363
_d2071363